| 000 | 00000nam##2200000za#4500 |
| 001 | 9.566975 |
| 003 | CaOODSP |
| 005 | 20210624180540 |
| 007 | cr ||||||||||| |
| 008 | 150406|2008||||xxc|||||o f|0| 0 eng|d |
| 022 | |a1488-5379 |
| 040 | |aCaOODSP|beng |
| 043 | |an-cn--- |
| 086 | 1 |aFs97-6/2803E-PDF |
| 110 | 1 |aCanada. |bDepartment of Fisheries and Oceans. |
| 245 | 10|a2004 Research catch and effort data on nearshore reef-fishes in British Columbia Statistical Area 12 / |h[electronic resource]|cby K.L. Yamanaka and L.C. Lacko. |
| 260 | |aNanaimo - British Columbia : |bFisheries and Oceans Canada |c2008. |
| 300 | |a57p.|bfigs., map, references, tables, photographs |
| 490 | 1 |aCanadian technical report of fisheries and aquatic sciences|x1488-5379|v2803 |
| 546 | |a(Résumé en français.) |
| 590 | |a10-10-Supp|b2010-11-09 |
| 720 | 1 |aLacko, L. C. |
| 720 | 1 |aYamanaka, K. L. |
| 776 | 0#|t2004 Research catch and effort data on nearshore reef-fishes in British Columbia Statistical Area 12 / |w(CaOODSP)9.619085 |
| 830 | #0|aCanadian technical report of fisheries and aquatic sciences,|x1488-5379|v2803|w(CaOODSP)9.504449 |
| 856 | 40|ahttp://publications.gc.ca|qPDF|s739 KB|uhttps://publications.gc.ca/collections/collection_2010/mpo-dfo/Fs97-6-2803-eng.pdf|y2803 |